Najdłuższe granice państw #3 - Statystyki

Ogólne statystyki
  • Ten quiz został rozwiązany 87 razy
  • Średni wynik to 11 z 15
Statystyki odpowiedzi
Państwo Państwo z
najdłuższą
granicą
% Poprawnych
Kosowo Serbia
94%
Francja Hiszpania
91%
Afganistan Pakistan
89%
Chiny Mongolia
86%
Ekwador Peru
86%
Rumunia Bułgaria
85%
Syria Turcja
83%
Grecja Bułgaria
78%
Republika Środkowoafrykańska Demokratyczna Republika Konga
72%
Kamerun Nigeria
72%
Izrael Egipt
67%
Laos Tajlandia
65%
Tadżykistan Afganistan
57%
Kenia Uganda
57%
Burundi Tanzania
51%
Nie znaleziono quizów pasujących do podanych kryteriów
Rozkład punktacji
Procent ludzi z każdym wynikiem
Percentyl według liczby udzielonych odpowiedzi
Twoja historia wyników
Nie rozwiązałeś tego quizu